| 000 | 00543nam a2200181 a 4500 | ||
|---|---|---|---|
| 001 | 000021396 | ||
| 005 | 20200930011321.0 | ||
| 008 | 100907s1999 dr ab 000 0 spa d | ||
| 040 |
_aDO-SdBNP _bspa _cBNPHU |
||
| 082 |
_a915.04 _bG182q |
||
| 100 | 1 |
_aGalván, Héctor _933971 |
|
| 245 | 1 | 3 |
_aLo que vi en Asia / _cHéctor Galván. |
| 260 |
_aSanto Domingo : _bCorripio, _c1999. |
||
| 300 |
_a95 p. : _bil. ; map. ; _c28 cm. |
||
| 651 | 4 |
_aAsia _xDescripciones Y Viajes _931990 |
|
| 651 | 4 |
_aAsia _xVida Social Y Costumbres _944657 |
|
| 049 | _aBNPD | ||
| 999 |
_c20896 _d20896 |
||